| 000 | 00558nam a2200169 a 4500 | ||
|---|---|---|---|
| 001 | 4534 | ||
| 003 | CDMR | ||
| 005 | 20130628121613.0 | ||
| 008 | 130130s1997||||||||||||||||||||||||||||d | ||
| 040 |
_aCDMR _bcat _cCPC GIRONA |
||
| 245 | 0 | _aEstatut professional de la redacció de Radiotelevisió Valenciana | |
| 260 |
_c1997 _bRadiotelevisió Valenciana. Gabinet de Relacions Externes _a[València] |
||
| 300 | _a31 p. | ||
| 500 | _aA la coberta: Estatut professional de la redacció de RTVV | ||
| 610 | 2 |
_93897 _aRadiotelevisión Valenciana |
|
| 942 |
_cFULLET _2udc |
||
| 999 |
_c4534 _d4534 |
||